Statistics for Tuva (Russian Federal District) Quiz

Click here to take the quiz!

General Stats

  • This quiz has been taken 12 times
    (10 since last reset)
  • The average score is 15 of 20

Answer Stats

HintAnswer% Correct
Which federal subjects border Tuva?Altai
100%
What continent is Tuva located in?Asia
100%
Which colors are on the flag of Tuva?Blue
100%
Which federal subjects border Tuva?Khakassia
100%
Capital of TuvaKyzyl
100%
Which country borders Tuva (excluding Russia)Mongolia
100%
Which colors are on the flag of Tuva?White
100%
Which colors are on the flag of Tuva?Yellow
100%
Which federal subjects border Tuva?Buryatia
83%
Which country is Tuva part of?Russia
83%
What region is Tuva situated in?Siberia
83%
What is the native tongue of Tuva?Tuvan
83%
What is the largest religion in Tuva?Buddhism
67%
Which empire was Tuva part of from 1758-1911?Qing
67%
Which country has claims over Tuva?Taiwan
67%
What was the former name of Tuva?Tannu Tuva
67%
Which federal subjects border Tuva?Krasnoyarsk
50%
Which federal subjects border Tuva?Irkutsk
33%
What is the largest lake in Tuva?Uvs
33%
What was Tuva called after independence from the Qing DynastyUryankhay
0%

Score Distribution

Percentile by Number Answered

Percent of People with Each Score

Your Score History

You have not taken this quiz since the last reset